| Tag |
First Indicator |
Second Indicator |
Subfields |
| LEADER |
00000cam a2200000Mi 4500 |
| 001 |
in00004730516 |
| 008 |
941205s1901 dcu 000 0 eng d |
| 005 |
20230719194110.4 |
| 035 |
|
|
|a (OCoLC)ocm78215970
|
| 040 |
|
|
|a MH
|b eng
|c HUV
|d OCLCQ
|d OCLCO
|d OCLCA
|d TXA
|
| 035 |
|
|
|a (OCoLC)78215970
|
| 043 |
|
|
|a a-ph---
|
| 050 |
|
4 |
|a DS685
|b .U55 1901
|
| 110 |
1 |
|
|a United States.
|b Congress.
|b Senate.
|b Committee on the Philippines.
|
| 245 |
1 |
0 |
|a Letter from the Secretary of War, transmitting, in response to resolution of the Senate of January 19, 1901, copies of the reports of General Mac Arthur, and the accompanying reports of military officers performing educational work, on the subject of education in the Philippine Islands /
|c referred to the Committee on the Philippines and ordered to be printed.
|
| 264 |
|
1 |
|a [Washington] :
|b [Govt. Print. Off.],
|c [1901]
|
| 300 |
|
|
|a 67 pages ;
|c 24 cm.
|
| 336 |
|
|
|a text
|b txt
|2 rdacontent
|
| 337 |
|
|
|a unmediated
|b n
|2 rdamedia
|
| 338 |
|
|
|a volume
|b nc
|2 rdacarrier
|
| 490 |
1 |
|
|a 56th Cong., 2d sess. Senate. Doc. ;
|v no. 129
|
| 500 |
|
|
|a Caption title.
|
| 651 |
|
0 |
|a Philippines
|x History
|y 1898-1946.
|
| 650 |
|
0 |
|a Education
|z Philippines.
|
| 710 |
1 |
|
|a United States.
|b War Department.
|
| 830 |
|
0 |
|a Senate document (United States. Congress. Senate) ;
|v 56th Congress, 2nd sesssion, no. 129.
|
| 994 |
|
|
|a Z0
|b TXA
|
| 948 |
|
|
|h HELD BY TXA - 1 OTHER HOLDINGS
|
| 999 |
f |
f |
|s d82b8182-8f7b-41f1-866c-1f40b5898bb4
|i f2d76fc4-24e2-4ff2-82ec-c3e5226aaca1
|t 0
|
| 952 |
f |
f |
|p noncirc
|a Texas A&M University
|b College Station
|c Cushing Memorial Library & Archives
|d Cushing: Dykes (Does not check out)
|t 0
|e DS685 .U55 1901
|f Vertical File
|h Library of Congress classification
|i unmediated -- volume
|m A1485295933G
|
| 998 |
f |
f |
|a DS685 .U55 1901
|t 0
|l Cushing: Dykes (Does not check out)
|